British Birds by Picture - Plovers and Lapwings - Statistics

General Stats
  • This quiz has been taken 11 times
  • The average score is 12 of 18
Answer Stats
Picture Hint Answer % Correct
Pluvialis apricaria European Golden Plover
100%
Vanellus vanellus Northern Lapwing
100%
Charadrius hiaticula Common Ringed Plover
83%
Pluvialis squatarola Grey Plover
83%
Anarhynchus alexandrinus Kentish Plover
83%
Charadrius vociferus (*) Killdeer
83%
Pluvialis fulva Pacific Golden Plover
83%
Pluvialis dominica American Golden Plover
67%
Eudromias morinellus (*) Eurasian Dotterel
67%
Vanellus cinereus Grey-Headed Lapwing
67%
Charadrius dubius Little Ringed Plover
67%
Charadrius semipalmatus Semipalmated Plover
67%
Anarhynchus asiaticus Caspian Plover
50%
Vanellus gregarius Sociable Lapwing
50%
Vanellus leucurus White-Tailed Lapwing
50%
Anarhynchus mongolus Siberian Sand Plover
33%
Anarhynchus atrifons Tibetan Sand Plover
33%
Anarhynchus leschenaultii Greater Sand Plover
17%
No matching quizzes found
Score Distribution
Percent of People with Each Score
Percentile by Number Answered
Your Score History
You have not taken this quiz